Aprendizaje escolar y construcción del conocimiento

Sparad:
Bibliografiska uppgifter
Huvudupphovsman: Coll Salvador, César (Författare, medförfattare)
Materialtyp: Bok
Språk:spanska
Publicerad: Barcelona Paidós 1990
Upplaga:1a. ed
Serie:Paidós Educador, 92
Ämnen:
Taggar: Lägg till en tagg
Inga taggar, Lägg till första taggen!

MARC

LEADER 00000cam a2200000 a 4500
001 UCW6202
003 CL-VaPUC
008 911031e19900000SP |||||||||||||||||spa|d
020 |a 8475095933 
082 0 4 |a 370.15  |b COL  |2 21 
100 0 |a Coll Salvador, César  |e author  |9 311213 
245 1 0 |a Aprendizaje escolar y construcción del conocimiento 
250 |a 1a. ed 
300 |a 206 p 
942 |c BK 
945 |d 19911031 00:00:00 
260 |a Barcelona  |b Paidós  |c 1990 
650 0 |a Psicología del aprendizaje  |9 306854 
583 |a last modification  |c 20140502 11:47:52  |k Rodrigo Vera 
490 0 |a Paidós Educador, 92 
999 |c 219356  |d 219354 
952 |0 0  |1 0  |4 0  |6 370_150000000000000_COL_1990  |7 0  |8 A  |9 210194  |a BIBEDU  |b BIBEDU  |d 2019-11-15  |i 2782669  |o 370.15 COL 1990  |p 2782669  |r 2019-11-15  |w 2019-11-15  |y BK  |k EDU 
952 |0 0  |1 0  |4 0  |6 370_150000000000000_COL_1990  |7 0  |8 A  |9 210195  |a BIBEDU  |b BIBEDU  |d 2019-11-15  |i 3201511  |o 370.15 COL 1990  |p 3201511  |r 2019-11-15  |w 2019-11-15  |y BK  |k EPE 
952 |0 0  |1 0  |4 0  |6 370_150000000000000_COL_1990  |7 0  |8 A  |9 210196  |a BIBEDU  |b BIBEDU  |d 2019-11-15  |i 4050657  |o 370.15 COL 1990  |p 4050657  |r 2019-11-15  |w 2019-11-15  |y BK  |k PSI 
952 |0 0  |1 0  |4 0  |6 370_150000000000000_COL_1990  |7 0  |8 A  |9 210197  |a BIBEDU  |b BIBEDU  |d 2019-11-15  |i 4066170  |o 370.15 COL 1990  |p 4066170  |r 2019-11-15  |w 2019-11-15  |y BK  |k PAR 
952 |0 0  |1 0  |4 0  |6 370_150000000000000_COL_1990  |7 0  |8 A  |9 210199  |a BIBEDU  |b BIBEDU  |d 2019-11-15  |i 4679253  |o 370.15 COL 1990  |p 4679253  |r 2019-11-15  |w 2019-11-15  |y BK  |k EBA 
952 |0 0  |1 0  |3 erb  |4 0  |6 370_150000000000000_COL_1990  |7 0  |8 A  |9 210200  |a BIBTEO  |b BIBTEO  |i 5071860  |o 370.15 COL 1990  |p 5071860  |r 2025-01-17  |w 2019-11-15  |y BK  |z Catalogado en:20140508  |k ICR